Steel Wheels (CD áudio) (Registo nº 202421)

Detalhes MARC
000 -Etiqueta do registo
Valores 00348nam a2200145 4500
100 ## - Dados gerais de processamento
Dados gerais 20260602d u||y0pory50 ba
200 ## - Titulo e menção de responsabilidade
Título próprio Steel Wheels (CD áudio)
Primeira menção de responsabilidade Rolling Stones
215 ## - Descrição física 
Outras indicações físicas 1 cd áudio
610 ## - Termos não controlados
Palavra de ordem musica rock
675 ## - CDU
Notação 78
710 ## - Autor principal (colectividade)
ID Autoridade 17440
Nome da entidade Stones
Subdivisão Rolling
801 ## - Fonte de origem
País PT
Agência BMMN
Regras de catalogação RPC
990 ## - Elementos KOHA
Tipo de documento CD Música
Exemplares
Aquisição Código de barras Cota Permissão de empréstimo Tipo de documento Empréstimo Forma de aquisição
Biblioteca Municipal de Montemor-o-Novo 31908 78 ROL (est)|DEP   CD Música Biblioteca Municipal de Montemor-o-Novo Compra

Powered by Koha